Normal view
MARC view
- فيجوال بيسك (برنامج حاسبات الالكترونية)
Entry Topical Term
001 - CONTROL NUMBER
- control field: 31009
003 - CONTROL NUMBER IDENTIFIER
- control field: JO-AjAnu
005 - DATE AND TIME OF LATEST TRANSACTION
- control field: 20230606075227.0
008 - FIXED-LENGTH DATA ELEMENTS
- fixed length control field: 230606|| aca||aabn | a|a d
040 ## - CATALOGING SOURCE
- Original cataloging agency: JO-AjAnu
- Transcribing agency: JO-AjAnu
150 ## - HEADING--TOPICAL TERM
- Topical term or geographic name entry element: فيجوال بيسك (برنامج حاسبات الالكترونية)
670 ## - SOURCE DATA FOUND
- Source citation: Work cat.: (JO-AjAnu)15924: قاوجي، محمد جلال ؛ ترجمة سامح عطري , author 31008, كتاب المبرمجVisual Basic 6.